Statistics for Animals that Start with K

Click here to take the quiz!

General Stats

  • This quiz has been taken 47,178 times
    (17,003 since last reset)
  • The average score is 10 of 16

Answer Stats

Clue Animal % Correct
Boxing Australian animalKangaroo
99%
Baby catKitten
96%
Eucalyptus-eating marsupialKoala
92%
Flightless bird that is a national
symbol of New Zealand
Kiwi
90%
OrcaKiller Whale
87%
Largest lizard in the world, found only
in Indonesia
Komodo Dragon
82%
Baby goatKid
79%
Ornamental Japanese carpKoi
73%
What blue whales eatKrill
72%
Legendary sea monster inspired
by the giant squid
Kraken
69%
Largest type of salmon{King} Salmon
63%
Subspecies of brown bear found
on the Alaskan coast
Kodiak Bear
42%
Type of falconKestrel
22%
Insect, related to crickets, that
can mimic a leaf
Katydid
17%
Type of antelopeKudu, Kob, or
Klipspringer
17%
This flightless parrot of New Zealand
can live up to 90 years
Kakapo
13%

Score Distribution

Percentile by Number Answered

Percent of People with Each Score

Your Score History

You have not taken this quiz since the last reset